000 00851nam a2200265 i 4500
001 66462
003 ES-MaACL
005 20231229063018.0
007 t|
008 040219s1994 sp |||| | spa d
020 _a84-87715-37-0
080 _a308-055.2(=1.8:460.27)"1800/1936"
100 1 _aMartínez Gómez, Juana,
_d1948-
_9233544
245 1 0 _aHispanoamericanas en Madrid (1800-1936) /
_cJuana Martínez Gómez, Almudena Mejías Alonso.
260 _aMadrid :
_bHoras y Horas,
_c[1994]
300 _a221 p. ;
_c21 cm.
490 1 _aMujeres en Madrid
500 _aÍndice.
504 _aBibliografía p. 217-221.
650 1 4 _aEscritoras hispanoamericanas-
_zMadrid.
_9161506
700 1 _aMejías Alonso, Almudena.
_979873
830 0 _aMujeres en Madrid
_9179213
852 _aES-MaACL
_jL-26888
999 _c66462
_d66462